000 01022nam a2200277Ia 4500
003 OSt
005 20221005105202.0
006 a|||||r|||| 00| 0
007 ta
008 221004b |||||||| |||| 00| 0 hin d
020 _a9788179758700 (hbk)
_cINR 1200.00
024 _a36528
037 _b65, 13/03/2018, P. K. Books
_cTextual
040 _aCRL
_cCRL
_bhin
041 _2hin
_ahin
082 _aV2y7N10, 152Q8
100 _aराव, के विक्रम, संपा.
245 0 _aलोहिया संचयिता
246 _aLohiyā sanchayitā
260 _aनई दिल्ली
_bअनामिका पब्लिशर्स भारत
_c2018
300 _a573पृ0
_ccm.
650 _a लोहिया, राममनोहर
_9157954
650 _aभारत-इतिहास
_9156353
942 _hV2y7N10, 152Q8
_cTEXL
_2cc
999 _c1015040
_d1015040